NURSING RESEARCH & STATISTICS (Record no. 21959)
[ view plain ]
| 000 -LEADER | |
|---|---|
| fixed length control field | 00355nam a22001577a 4500 |
| 003 - CONTROL NUMBER IDENTIFIER | |
| control field | SGT |
| 020 ## - INTERNATIONAL STANDARD BOOK NUMBER | |
| International Standard Book Number | 9788131252697 |
| 082 ## - DEWEY DECIMAL CLASSIFICATION NUMBER | |
| Classification number | 610.72 |
| Item number | N20S |
| 100 ## - MAIN ENTRY--PERSONAL NAME | |
| Personal name | SHARMA, SURESH K. |
| 245 ## - TITLE STATEMENT | |
| Title | NURSING RESEARCH & STATISTICS |
| 250 ## - EDITION STATEMENT | |
| Edition statement | 3RD |
| 260 ## - PUBLICATION, DISTRIBUTION, ETC. (IMPRINT) | |
| Place of publication, distribution, etc | INDIA |
| Name of publisher, distributor, etc | ELSEVIER PUB |
| Year of Publication | 2020 |
| 300 ## - PAGE DESCRIPTION | |
| No. of Pages | 610 |
| 650 ## - SUBJECT ADDED ENTRY--TOPICAL TERM | |
| Topical term or geographic name as entry element | URSING RESEARCH |
| 942 ## - ADDED ENTRY ELEMENTS (KOHA) | |
| Source of classification or shelving scheme | Dewey Decimal Classification |
| Koha item type | Books |
| 942 ## - ADDED ENTRY ELEMENTS (KOHA) | |
| -- | 184 |
| Withdrawn status | Lost status | Source of classification or shelving scheme | Damaged status | Not for loan | Collection code | Home library | Current library | Shelving location | Date acquired | Cost, normal purchase price | SGTU | Bill Number | Total Checkouts | Full call number | Accession No. (Barcode) | Date last seen | Date last borrowed | Bill Date | Koha item type | Total Renewals |
|---|---|---|---|---|---|---|---|---|---|---|---|---|---|---|---|---|---|---|---|---|
| Dewey Decimal Classification | Not For Loan | NURSING | SGT Medical Library | SGT Medical Library | Text Book | 12/10/2021 | 755.00 | SGTU | 13309 | 53 | 610.72 N20S | FN4561 | 14/03/2026 | 22/01/2026 | Books | |||||
| Dewey Decimal Classification | NURSING | SGT Medical Library | SGT Medical Library | Text Book | 12/10/2021 | 755.00 | SGTU | 13309 | 47 | 610.72 N20S | FN4562 | 08/01/2026 | 22/12/2025 | Books | ||||||
| Dewey Decimal Classification | NURSING | SGT Medical Library | SGT Medical Library | Text Book | 12/10/2021 | 755.00 | SGTU | 13309 | 34 | 610.72 N20S | FN4563 | 22/01/2025 | 10/01/2025 | Books | ||||||
| Dewey Decimal Classification | NURSING | SGT Medical Library | SGT Medical Library | Text Book | 12/10/2021 | 755.00 | SGTU | 13309 | 46 | 610.72 N20S | FN4564 | 13/01/2026 | 23/12/2025 | Books | 1 | |||||
| Dewey Decimal Classification | NURSING | SGT Medical Library | SGT Medical Library | Text Book | 12/10/2021 | 755.00 | SGTU | 13309 | 18 | 610.72 N20S | FN4565 | 15/04/2026 | 17/03/2026 | Books |